My ears can hear / (Record no. 9951)
[ view plain ]
| 000 -LEADER | |
|---|---|
| fixed length control field | 00919nam a22002537a 4500 |
| 001 - CONTROL NUMBER | |
| control field | 9951 |
| 003 - CONTROL NUMBER IDENTIFIER | |
| control field | FISKH |
| 005 - DATE AND TIME OF LATEST TRANSACTION | |
| control field | 20260319110338.0 |
| 008 - FIXED-LENGTH DATA ELEMENTS--GENERAL INFORMATION | |
| fixed length control field | 260319b cb ||||| |||| 00| 0 eng d |
| 020 ## - INTERNATIONAL STANDARD BOOK NUMBER | |
| International Standard Book Number | 9789814242271 |
| 040 ## - CATALOGING SOURCE | |
| Original cataloging agency | FISKH |
| Language of cataloging | eng |
| Transcribing agency | FISKH |
| Modifying agency | FISKH |
| 082 ## - DEWEY DECIMAL CLASSIFICATION NUMBER | |
| Classification number | 534 |
| 100 ## - MAIN ENTRY--PERSONAL NAME | |
| Personal name | Future Ace Publishing |
| 245 ## - TITLE STATEMENT | |
| Title | My ears can hear / |
| Statement of responsibility, etc. | By Future Ace Publishing Pte Ltd |
| 260 ## - PUBLICATION, DISTRIBUTION, ETC. | |
| Place of publication, distribution, etc. | Butterworth, Penang : |
| Name of publisher, distributor, etc. | Future Ace Publishing Pte Ltd , |
| 300 ## - PHYSICAL DESCRIPTION | |
| Extent | 17 pages : |
| Other physical details | color illustrations ; |
| Dimensions | 17 cm . |
| 490 ## - SERIES STATEMENT | |
| Series statement | Children Science Stories |
| 505 ## - FORMATTED CONTENTS NOTE | |
| Formatted contents note | F <br/> |
| 520 ## - SUMMARY, ETC. | |
| Summary, etc. | This series of " Science Stories " is specially written to explain some simple scienticfic facts , with the hope that it will stimulate their mind and build up their interested in acquiring more knowledge . |
| 521 8# - TARGET AUDIENCE NOTE | |
| Target audience note | 350 <br/> |
| Source | Lexile estimate <br/> |
| 521 8# - TARGET AUDIENCE NOTE | |
| Target audience note | F <br/> |
| Source | RAz-Plus <br/> |
| 942 ## - ADDED ENTRY ELEMENTS (KOHA) | |
| Source of classification or shelving scheme | Dewey Decimal Classification |
| Koha item type | Books |
| Suppress in OPAC | No |
| Withdrawn status | Lost status | Source of classification or shelving scheme | Damaged status | Not for loan | Collection | Home library | Current library | Shelving location | Date acquired | Total Checkouts | Full call number | Barcode | Date last seen | Price effective from | Koha item type |
|---|---|---|---|---|---|---|---|---|---|---|---|---|---|---|---|
| Dewey Decimal Classification | Juvenile Fiction | Footprints International School Library Network Toul Tom Poung Campus | Footprints International School Library Network Toul Tom Poung Campus | TTP Primary Green Bookshelves | 03/19/2026 | FUT 534 | 2026-0344 | 03/19/2026 | 03/19/2026 | Books |
